Word Ladder: People of New New York Quiz Stats

 Plays Quiz Updated Jan 4, 2016

Challenge
Share
Tweet
Embed
Score 0/30 Timer 03:00
1 Play Today
Clue 3-Letter Word % Correct
Male descendantSON
92.5%
British bathroomLOO
92.3%
Filled a chairSAT
91.8%
Tennis match divisionSET
91.1%
Shout of displeasureBOO
88.9%
Permit or allowLET
88.9%
Jimi Hendrix's hairdo, informallyFRO
88.9%
Dude kinBRO
88.5%
Hill-building insectANT
87.1%
A small, usually collapsible, bedCOT
85.4%
Drill accessoryBIT
85%
Deck swabber's needMOP
83.3%
🚀 ___ Wong, [final rung]'s dad 🚀🚀 LEO 🚀
82.7%
Badge bearerCOP
81.7%
Spanish sun; music-scale noteSOL
81.1%
Clue 3-Letter Word % Correct
🚀 Hedonism___, Kwanzaa___ & others 🚀🚀 BOT 🚀
78.7%
🚀 Surly and overweight blue-collar worker 🚀🚀 SAL 🚀
76.4%
🚀 Tinny ___, reference to a Dickens character 🚀🚀 TIM 🚀
76.1%
Small garden birdTIT
68.5%
Most common Korean surnameKIM
67.5%
Rock blaster; AC/DC songTNT
67.5%
Indefinite numberANY
66.6%
🚀 Judge ___ Whitey 🚀🚀 RON 🚀
63.8%
A kind of computer memoryROM
63.5%
🚀 Philip J. ___, main protagonist 🚀🚀 FRY 🚀
61.1%
🚀 Former mistress of Dr. Farnsworth 🚀🚀 MOM 🚀
60.3%
🚀 ___ Wong, intern at 'Planet Express' 🚀🚀 AMY 🚀
60%
Common animated image formatGIF
58.2%
A stupid or worthless person (UK)GIT
57.7%
🚀 ___ Kroker, lover of [final rung] 🚀🚀 KIF 🚀
48.6%

Today's Daily Dose

You're not logged in!

Compare scores with friends on all Sporcle quizzes.
OR
Log In

You Might Also Like...

Show Comments

Extras

Top Quizzes Today


Score Distribution

Your Account Isn't Verified!

In order to create a playlist on Sporcle, you need to verify the email address you used during registration. Go to your Sporcle Settings to finish the process.

Report this User

Report this user for behavior that violates our Community Guidelines.

Details: